Practical Tutor (French Horn) : (Record no. 4871)

000 -LEADER
fixed length control field nam a22 7a 4500
005 - DATE AND TIME OF LATEST TRANSACTION
control field 20210323100727.0
008 - FIXED-LENGTH DATA ELEMENTS--GENERAL INFORMATION
fixed length control field 210319b2021 xxu||||| |||| 00| 0 eng d
020 ## - INTERNATIONAL STANDARD BOOK NUMBER
International Standard Book Number 9790060036026
040 ## - CATALOGING SOURCE
Original cataloging agency AKMAL
082 ## - DEWEY DECIMAL CLASSIFICATION NUMBER
Classification number 788.994 LAN
090 ## - LOCALLY ASSIGNED LC-TYPE CALL NUMBER (OCLC); LOCAL CALL NUMBER (RLIN)
Classification number (OCLC) (R) ; Classification number, CALL (RLIN) (NR) 788.994
Local cutter number (OCLC) ; Book number/undivided call number, CALL (RLIN) LAN
100 ## - MAIN ENTRY--PERSONAL NAME
Personal name Otto Langey
9 (RLIN) 9272
245 ## - TITLE STATEMENT
Title Practical Tutor (French Horn) :
Remainder of title Otto Langey
260 ## - PUBLICATION, DISTRIBUTION, ETC.
Place of publication, distribution, etc. London
Name of publisher, distributor, etc. Boosey & Hawkes Music Publishers Limited
264 ## - PRODUCTION, PUBLICATION, DISTRIBUTION, MANUFACTURE, AND COPYRIGHT NOTICE
Place of production, publication, distribution, manufacture London
Name of producer, publisher, distributor, manufacturer Boosey & Hawkes Music Publishers Limited
300 ## - PHYSICAL DESCRIPTION
Extent 118 page
Dimensions 30cm
599 ## - LOCAL NOTE
Local Note DALAM PROSES
942 ## - ADDED ENTRY ELEMENTS (KOHA)
Source of classification or shelving scheme
Koha item type Book
Holdings
Withdrawn status Lost status Source of classification or shelving scheme Damaged status Not for loan Collection code Home library Current library Shelving location Date acquired Total Checkouts Full call number Barcode Date last seen Date last checked out Price effective from Koha item type
          NON-FICTION AKMAL Melaka AKMAL Melaka PINJAMAN 19.03.2021 1 788.994 LAN 201707969 19.04.2021 25.03.2021 19.03.2021 Book
          NON-FICTION AKMAL Melaka AKMAL Melaka PINJAMAN 19.03.2021 1 788.994 LAN 201707970 19.04.2021 25.03.2021 19.03.2021 Book
Pusat Sumber Maklumat Dato' Haji Sarmin Md Hussin, Akademi Kastam Diraja Malaysia, Melaka
Tel: 06-2331106 | Faks: 06-2313787